Nueve años más de la Revista de Ciencias Sociales: junio 1988-junio 1998; índices por tema central, temático, de autores
Indice por mes y año del tema central de cada número. REV//jmml
Сохранить в:
| Формат: | Текст |
|---|---|
| Предметы: | |
| Метки: |
Добавить метку
Нет меток, Требуется 1-ая метка записи!
|
MARC
| LEADER | 00000 a a2200000 04500 | ||
|---|---|---|---|
| 001 | 15199 | ||
| 003 | |||
| 040 | |||
| 245 | |a Nueve años más de la Revista de Ciencias Sociales: |b junio 1988-junio 1998; índices por tema central, temático, de autores | ||
| 520 | |a Indice por mes y año del tema central de cada número. REV//jmml | ||
| 650 | |a PUB.IIS | ||
| 650 | |a BIBLIOGRAFIAS | ||
| 650 | |a DOCUMENTOS | ||
| 650 | |a PUBLICACIONES | ||
| 773 | |g número 78 -79; páginas 113-250 | ||
| 999 | |c 32175 |d 32175 | ||
| 773 | 0 | |0 18728 |9 3054 |a Universidad de Costa Rica |d San José, Costa Rica Editorial UCR 1956- |o 16967 |t Revista de Ciencias Sociales/ |x 04825276 | |
